|
|
|
|
| LEADER |
00000nam0a2200000 4500 |
| 001 |
324764 |
| 005 |
20231102003710.0 |
| 010 |
|
|
|a 9785991697156
|
| 035 |
|
|
|a (RuTPU)RU\TPU\book\350375
|
| 090 |
|
|
|a 324764
|
| 100 |
|
|
|a 20161122d2019 m y0rusy50 ca
|
| 101 |
0 |
|
|a rus
|
| 102 |
|
|
|a RU
|
| 105 |
|
|
|a a j 001zy
|
| 200 |
1 |
|
|a Электрические аппараты
|e учебник и практикум для академического бакалавриата
|f под ред. П. А. Курбатова
|
| 210 |
|
|
|a Москва
|c Юрайт
|d 2019
|
| 215 |
|
|
|a 250 с.
|c ил.
|
| 225 |
1 |
|
|a Бакалавр. Академический курс
|
| 320 |
|
|
|a Библиография в конце глав
|
| 320 |
|
|
|a Предметный указатель: с. 250
|
| 330 |
|
|
|a В книге рассмотрены основные сведения об электромеханических аппаратах для электрических сетей низкого и высокого напряжения. Описаны принципы их действия, приведены их основные характеристики и области применения. Представлены электромагнитные и тепловые явления, коммутационные процессы в электромеханических аппаратах.
|
| 606 |
1 |
|
|a Электрические аппараты и приборы
|2 stltpush
|3 (RuTPU)RU\TPU\subj\26902
|9 50734
|
| 610 |
1 |
|
|a назначение
|
| 610 |
1 |
|
|a классификация
|
| 610 |
1 |
|
|a применение
|
| 610 |
1 |
|
|a низкое напряжение
|
| 610 |
1 |
|
|a электрическая энергия
|
| 610 |
1 |
|
|a системы распределения
|
| 610 |
1 |
|
|a электромеханические аппараты
|
| 610 |
1 |
|
|a аппараты управления
|
| 610 |
1 |
|
|a тепловые процессы
|
| 610 |
1 |
|
|a электрические контакты
|
| 610 |
1 |
|
|a электродинамические усилия
|
| 610 |
1 |
|
|a электромагниты
|
| 610 |
1 |
|
|a электрическая дуга
|
| 610 |
1 |
|
|a коммутация
|
| 610 |
1 |
|
|a электрические аппараты высокого напряжения
|
| 610 |
1 |
|
|a теоретический материал
|
| 610 |
1 |
|
|a вопросы
|
| 610 |
1 |
|
|a задания
|
| 610 |
1 |
|
|a практикумы
|
| 610 |
1 |
|
|a учебники
|
| 675 |
|
|
|a 621.31(075.8)
|v 4
|
| 702 |
|
1 |
|a Курбатов
|b П. А.
|g Павел Александрович
|4 340
|
| 801 |
|
1 |
|a RU
|b 63413507
|c 20161122
|
| 801 |
|
2 |
|a RU
|b 63413507
|c 20190624
|g RCR
|
| 942 |
|
|
|c BK
|
| 959 |
|
|
|a 4/20170125
|d 1
|e 509,00
|f ЧЗТЛ:1
|